000 00685nam a22002057a 4500
005 20260408144658.0
008 260408b |||||||| |||| 00| 0 eng d
040 _aRDA
_cUNZA
_dUNZA
_eLC
050 _aZAMB DT 3 HAI 1957
100 _aHailey, Lord.
_d1939
245 _aAn African survey:
_ba study of problem arising in Africa south of the Sahara/
_cLord Hailey.
250 _aRevised 1956,
260 _aLondon:
_bOxford University press,
_c1957.
300 _axxvi, 1676 pages:
_billustrations , maps,
500 _aRevised in 1956.
504 _aIncludes bibliographical references and index.
650 _aColonies
_xAdministration
650 _a Africa
942 _cZAMBIANA
999 _c216563
_d216563